| Поле | Название | Значение |
| |
Тип записи |
a |
| |
Библиографический уровень |
m |
| 001 |
Контрольный номер |
RU/URAIT/589276 |
| 005 |
Дата корректировки |
20260429163643.6 |
| 008 |
Кодируемые данные |
260429s2026 RU y f j 000 0 rus u |
| 020 |
Индекс ISBN |
__ |
| a |
ISBN |
978-5-534-18676-5 |
| c |
Цена, тираж |
1399.00 |
| 040 |
Источник каталогиз. |
__ |
| a |
Служба первич. каталог. |
ИКО Юрайт |
| c |
Служба, преобразующая запись |
ИКО Юрайт |
| e |
Правила каталог. |
RCR |
| 041 |
Код языка издания |
__ |
| a |
Код языка текста |
rus |
| 044 |
Код страны публикации |
__ |
| a |
Код страны публикации |
RU |
| 080 |
Индекс УДК |
__ |
| a |
Индекс УДК |
658(075.8) |
| 084 |
Индекс другой классификации/Индекс ББК |
__ |
| 2 |
Источник индекса |
rubbk |
| a |
Индекс другой классификации/Индекс ББК |
65.290я73 |
| 100 |
Автор |
__ |
| a |
Автор |
Анисимов А. Ю. |
| q |
Полное имя |
Анисимов Александр Юрьевич |
| 245 |
Заглавие |
__ |
| a |
Заглавие |
Трансфер технологий в инновационной экономике |
| b |
Продолж. заглавия |
учебник для вузов |
| c |
Ответственность |
А. Ю. Анисимов [и др.] ; под общей редакцией А. Ю. Анисимова, О. А. Пятаевой. |
| 256 |
Характеристики компьютерного файла |
__ |
| a |
Характеристики компьютерного файла |
Электрон. дан. |
| 260 |
Выходные данные |
__ |
| a |
Место издания |
Москва |
| b |
Издательство |
Юрайт |
| c |
Дата издания |
2026 |
| 300 |
Физическое описание |
__ |
| a |
Объем |
251 с |
| 440 |
Серия |
__ |
| a |
Серия |
Высшее образование |
| 500 |
Примечания |
__ |
| a |
Примечание |
URL: https://urait.ru/bcode/589276 (дата обращения: 29.04.2026). |
| 520 |
Аннотация |
__ |
| a |
Аннотация |
В курсе последовательно изложены методические подходы к осуществлению процесса трансфера технологий, анализу масштабов трансфера технологий, проанализированы статистические данные по трансферу технологий в зарубежных странах и в российской экономике. Изложение материала подчинено основной цели формирование у студентов знаний, умений и навыков по управлению процессами инновационного развития, оценке возможностей и разработке методов управления стратегий трансфера технологий. Соответствует федеральному государственному образовательному стандарту высшего образования. Для студентов высших учебных заведений, обучающихся по экономическим, инженерно-техническим направлениям, аспирантов, преподавателей, слушателей системы повышения квалификации, а также читателей, интересующихся вопросами управления инновациями, разработки и реализации стратегий трансфера технологий и систем управления величинами индикаторов инновационного развития. |
| 538 |
Прим. о системных особенностях |
__ |
| a |
Прим. о системных особенностях |
Режим доступа: Электронно-библиотечная система Юрайт, для авториз. пользователей |
| 653 |
Ключевые слова |
__ |
| a |
Ключевые слова |
Инноватика |
| 653 |
Ключевые слова |
__ |
| a |
Ключевые слова |
Менеджмент |
| 653 |
Ключевые слова |
__ |
| a |
Ключевые слова |
Трансфер технологий |
| 653 |
Ключевые слова |
__ |
| a |
Ключевые слова |
Коммерциализация и трансфер технологий |
| 653 |
Ключевые слова |
__ |
| a |
Ключевые слова |
Управление интеллектуальной собственностью и трансфер технологий |
| 653 |
Ключевые слова |
__ |
| a |
Ключевые слова |
Трансфер технологий в сфере инженерных инноваций |
| 653 |
Ключевые слова |
__ |
| a |
Ключевые слова |
Коммерциализация результатов исследований и разработок. Трансфер технологий |
| 653 |
Ключевые слова |
__ |
| a |
Ключевые слова |
Коммерциализация инноваций и трансфер технологий |
| 653 |
Ключевые слова |
__ |
| a |
Ключевые слова |
Трансфер технологий в международном бизнесе |
| 653 |
Ключевые слова |
__ |
| a |
Ключевые слова |
Трансфер технологий в экономике |
| 653 |
Ключевые слова |
__ |
| a |
Ключевые слова |
Трансфер и коммерциализация технологий |
| 653 |
Ключевые слова |
__ |
| a |
Ключевые слова |
Интеллектуальная собственность и международный трансфер технологий |
| 653 |
Ключевые слова |
__ |
| a |
Ключевые слова |
Коммерциализация разработок и трансфер технологий |
| 653 |
Ключевые слова |
__ |
| a |
Ключевые слова |
Трансфер технологий и коммерциализация научных разработок |
| 653 |
Ключевые слова |
__ |
| a |
Ключевые слова |
Технологическое брокерство и трансфер технологий |
| 653 |
Ключевые слова |
__ |
| a |
Ключевые слова |
Трансфер технологий в малом бизнесе |
| 653 |
Ключевые слова |
__ |
| a |
Ключевые слова |
Трансфер технологий дополнительного образования |
| 700 |
Другие авторы |
__ |
| a |
Другие авторы |
Волков А. Т. |
| q |
Полное имя |
Волков Андрей Тимофеевич |
| 700 |
Другие авторы |
__ |
| a |
Другие авторы |
Макарова С. Н. |
| q |
Полное имя |
Макарова Станислава Николаевна |
| 700 |
Другие авторы |
__ |
| a |
Другие авторы |
Мухамедшин И. С. |
| q |
Полное имя |
Мухамедшин Ирик Сабиржанович |
| 700 |
Другие авторы |
__ |
| a |
Другие авторы |
Пятаева О. А. |
| q |
Полное имя |
Пятаева Ольга Алексеевна |
| 700 |
Другие авторы |
__ |
| a |
Другие авторы |
Соловьёва И. А. |
| q |
Полное имя |
Соловьёва Ирина Александровна |
| 700 |
Другие авторы |
__ |
| a |
Другие авторы |
Трубин А. Е. |
| q |
Полное имя |
Трубин Александр Евгеньевич |
| 700 |
Другие авторы |
__ |
| a |
Другие авторы |
Хворостяная А. С. |
| q |
Полное имя |
Хворостяная Анна Сергеевна |
| 856 |
Электронный адрес документа |
40 |
| n |
Местонахождение сервера |
Юрайт |
| g |
|
Электронная книга |
| q |
Тип электронного формата |
html |
| h |
Имя пользователя |
ЮРАЙТ |
| v |
Часы доступа к ресурсу |
20271231 |
| 2 |
Способ доступа |
Показать документ |
| x |
Служебное примечание |
https://urait.ru/book/cover/876B9C6E-6C00-4AC2-B553-F591B5206200 |
| u |
URL |
https://urait.ru/bcode/589276 |
| 856 |
Электронный адрес документа |
48 |
| q |
Тип электронного формата |
cover |
| u |
URL |
https://urait.ru/book/cover/876B9C6E-6C00-4AC2-B553-F591B5206200 |
| 911 |
|
__ |
| u |
|
0030=https://urait.ru/bcode/589276 |
| 911 |
|
__ |
| u |
|
073a=9785534186765 |
| u |
|
073d=1399.00 |
| 911 |
|
__ |
| u |
|
106a=s |
| 911 |
|
__ |
| u |
|
900l= |
| 952 |
Тип литературы |
__ |
| i |
Дисциплина |
Трансфер технологий |
| 952 |
Тип литературы |
__ |
| i |
Дисциплина |
Коммерциализация и трансфер технологий |
| 952 |
Тип литературы |
__ |
| i |
Дисциплина |
Управление интеллектуальной собственностью и трансфер технологий |
| 952 |
Тип литературы |
__ |
| i |
Дисциплина |
Трансфер технологий в сфере инженерных инноваций |
| 952 |
Тип литературы |
__ |
| i |
Дисциплина |
Коммерциализация результатов исследований и разработок. Трансфер технологий |
| 952 |
Тип литературы |
__ |
| i |
Дисциплина |
Коммерциализация инноваций и трансфер технологий |
| 952 |
Тип литературы |
__ |
| i |
Дисциплина |
Трансфер технологий в международном бизнесе |
| 952 |
Тип литературы |
__ |
| i |
Дисциплина |
Трансфер технологий в экономике |
| 952 |
Тип литературы |
__ |
| i |
Дисциплина |
Трансфер и коммерциализация технологий |
| 952 |
Тип литературы |
__ |
| i |
Дисциплина |
Интеллектуальная собственность и международный трансфер технологий |
| 952 |
Тип литературы |
__ |
| i |
Дисциплина |
Коммерциализация разработок и трансфер технологий |
| 952 |
Тип литературы |
__ |
| i |
Дисциплина |
Трансфер технологий и коммерциализация научных разработок |
| 952 |
Тип литературы |
__ |
| i |
Дисциплина |
Технологическое брокерство и трансфер технологий |
| 952 |
Тип литературы |
__ |
| i |
Дисциплина |
Трансфер технологий в малом бизнесе |
| 952 |
Тип литературы |
__ |
| i |
Дисциплина |
Трансфер технологий дополнительного образования |